When I was young : The thirties

Bibliographic Details
Main Author: Thomson, Neil
Format: Book
Published: London : Franklin Watts , 1991
Series:When I was young
Subjects:

MARC

LEADER 00000cam a2200000 7i4500
001 0000002672
002 000002900
005 20051003.0
020 |a 0749604980 
090 0 0 |a 030   |b WHE 
100 1 |a Thomson, Neil 
245 1 0 |a When I was young :   |b The thirties   |c Neil Thomson 
260 |a London :   |b Franklin Watts ,   |c 1991 
300 |a 32p. :   |b ill. ;   |c 27cm. 
490 0 |a When I was young 
650 0 0 |a Thirties   |x Juvenile literature 
999 |a 036150   |b BUKU   |c JUNIOR BOOKS   |e PERPUSTAKAAN KOMUNITI CAW KOTA DAMANSARA